000 00573cam a2200181 i 4500
005 20251108165347.0
008 250721s1989 jo gr 000 0 ara d
082 1 4 _a213
_bا ح ا
245 0 0 _aالأحاديث القدسيه /
250 _aالطبعة الاولى.
264 1 _aعمان :
_bدار الفرقان للنشر و التوزيع،
_c1989.
300 _a1 مجلد
505 0 _aالمجلد يحتوي على جزئين [1 - 2]
650 1 7 _aالقرآن الكريم.
650 1 7 _aالتفسير.
942 _2ddc
_cREF
999 _c26031
_d26031